000 01037nam a22003377a 4500
003 CHAP
005 20220329140144.0
008 971013c19521945 r 00010 d
010 _a47798
011 _a48770
035 _a52916
040 _cCHAP
082 _a621.3
_bR44Y 1945
100 0 0 _aRhein, Eduard.
_997116
245 _aTú y la electricidad, una electrotenia para todos
250 _a2 ed.
260 _aBarcelona :
_bLabor,
_c1952 (c.1945)
300 _a472 p.
_b: ilus.
590 _aBATCH-UPD
_b10
_c20130110
_lUCH01
_h0156
590 _aBATCH-UPD
_b10
_c20130110
_lUCH01
_h1320
590 _aBATCH-UPD
_b10
_c20130409
_lUCH01
_h2158
590 _aBATCH-UPD
_b10
_c20130410
_lUCH01
_h0830
590 _aBATCH-UPD
_b10
_c20130914
_lUCH01
_h1255
590 _aCONVERSION
_b10
_c20130109
_lUCH01
_h1326
650 1 4 _aElectricidad.
_936215
650 1 4 _aElectrónica.
_936241
650 1 4 _aIngeniería eléctrica.
_958223
901 _aBK
942 _cLIBRO
949 _a621.3 R44Y 1945
_bBC
_cMUT
_d-117575
_eMUT
_h18584
_i52916
_si
999 _c47798
_d47798